| 000 | 01081nam a2200301Ia 4500 | ||
|---|---|---|---|
| 005 | 20220317001139.0 | ||
| 008 | 160825s2007 mx a g 000 0 spa | ||
| 020 | _a97896816554012 | ||
| 100 | 1 |
_aSatoshi, Kitamura _d1956- |
|
| 245 | 1 | 0 |
_aGato tiene sueño _ctexto e ilustraciones Satoshi Kitamura ; traducción de Odette Smith |
| 250 |
_a1a. edición _b3a. reimpresión |
||
| 300 |
_a[12] páginas _bilustraciones _c16 cm |
||
| 490 | _aLos especiales de A la orilla del viento | ||
| 534 | _tCat is sleepy | ||
| 650 | 1 | 4 |
_2LEMB _aÁlbumes infantiles japoneses _ySiglo XX |
| 650 | 1 | 4 |
_2LEMB _aLiteratura infantil japonesa _ySiglo XX |
| 650 | 1 | 4 |
_2LEMB _aGatos en la literatura |
| 650 | 1 | 4 |
_2LEMB _aLibros ilustrados para niños |
| 700 | 1 |
_aSatoshi, Kitamura _966771 |
|
| 700 | 1 |
_aSmith, Odette _966772 |
|
| 942 |
_2loc _cBKINF |
||
| 264 |
_aMéxico _bFondo de Cultura Económica _c2007 |
||
| 336 |
_atexto _btxt _2rdacontent |
||
| 337 |
_asin mediación _bn _2rdamedia |
||
| 338 |
_avolumen _bnc _2rdacarrier |
||
| 040 |
_aCO-BoRNBP _bspa _erda _cCO-BoRNBP |
||
| 084 | _aA SAT1 | ||
| 999 |
_c6066 _d6066 |
||